Sports Quiz

Random Sports or MLB Quiz

MLB Sub-0.900 WHIP Quiz Stats

 Plays Quiz Updated Oct 3, 2017

Challenge
Share
Tweet
Embed
Score 0/27 Timer 10:00
0 Plays Today
WHIP Pitcher % Correct
0.8996Randy Johnson
96.8%
0.7803Walter Johnson
96.4%
0.7373Pedro Martinez
92.1%
0.8108Greg Maddux
89.9%
0.8960Greg Maddux
89.9%
0.8570Clayton Kershaw
88.3%
0.8550Sandy Koufax
84.8%
0.8746Sandy Koufax
84.8%
0.8534Bob Gibson
75.7%
0.8691Corey Kluber
75%
0.8669Cy Young
68.6%
0.8930Cy Young
68.6%
0.8268Christy Mathewson
54.2%
0.8281Christy Mathewson
54.2%
WHIP Pitcher % Correct
0.8590Juan Marichal
48.9%
0.8423Pete Alexander
33.2%
0.8420Mordecai Brown
30.2%
0.8726Mordecai Brown
30.2%
0.8425Dave McNally
22.7%
0.8710Luis Tiant
17%
0.8810Russ Ford
14.5%
0.8197Ed Walsh
13.6%
0.8599Ed Walsh
13.6%
0.8062Addie Joss
12.3%
0.8858Dutch Leonard
9.7%
0.8962Babe Adams
4.6%
0.8712Roger Nelson
3.8%

You're not logged in!

Compare scores with friends on all Sporcle quizzes.
Join for Free
OR
Log In

You Might Also Like...

Show Comments

Extras

Top Quizzes Today


Score Distribution

Your Account Isn't Verified!

In order to create a playlist on Sporcle, you need to verify the email address you used during registration. Go to your Sporcle Settings to finish the process.

Report this User

Report this user for behavior that violates our Community Guidelines.

Details: